书目信息 |
| 题名: |
列宁的帝国主义论与当代现实
|
|
| 作者: | 伊诺泽姆夫 编 ;张承辉 译 | |
| 分册: | ||
| 出版信息: | 北京 中国社会科学出版社 1980 |
|
| 页数: | 428页 | |
| 开本: | 19cm | |
| 丛书名: | ||
| 单 册: | ||
| 中图分类: | A821.64 | |
| 科图分类: | ||
| 主题词: | 帝国主义-列宁著作研究 | |
| 电子资源: | ||
| ISBN: | ||
| 000 | 00791nam0 2200265 45 | |
| 001 | 0180007829 | |
| 005 | 20070731101344.51 | |
| 010 | @dCNY1.30 | |
| 091 | @aCN@b3190.014 | |
| 100 | @a19950320d1980 kemy0chiy0121 ea | |
| 101 | 1 | @achi@crus |
| 102 | @aCN@b110000 | |
| 105 | @ay z 000yy | |
| 200 | 10 | @a列宁的帝国主义论与当代现实@Alie ning de di guo zhu yi lun yu dang dai xian shi@f(苏)伊诺泽姆采夫编@g张承辉译 |
| 210 | @a北京@c中国社会科学出版社@d1980 | |
| 215 | @a428页@d19cm | |
| 300 | @a内部发行 | |
| 600 | 1 | @a列宁著作研究-帝国主义 |
| 606 | @a帝国主义-列宁著作研究 | |
| 690 | @aA821.64@v3 | |
| 701 | 1 | @a伊诺泽姆夫@Ayi nuo ze mu fu@4编 |
| 702 | 0 | @a张承辉@Azhang cheng hui@4译 |
| 801 | 2 | @aCN@bNLC@c20070731 |
| 801 | 0 | @aCN@bTSSF@c20060818 |
| 905 | @a10447@dA821.64@e33 | |
| 列宁的帝国主义论与当代现实/(苏)伊诺泽姆采夫编/张承辉译.-北京:中国社会科学出版社,1980 |
| 428页;19cm |
| 内部发行 |
| ISBN :CNY1.30 |
| ● |
| 相关链接 |
|
|
|
|
正题名:列宁的帝国主义论与当代现实
索取号:A821.64/33
 
预约/预借
| 序号 | 登录号 | 条形码 | 馆藏地/架位号 | 状态 | 备注 |
| 1 | 0459019 | 204590193 | 密集书库/ [索取号:A821.64/33] | 在馆 | |
| 2 | 0465570 | 204655701 | 密集书库/ [索取号:A821.64/33] | 在馆 | |
| 3 | 0786891 | 207868912 | 密集书库/ [索取号:A821.64/33] | 在馆 |